00331 a2200133 450000100060000008200120000610000200001824500710003825000060010926000330011530000140014850000170016274000180017992108 a290 AZM aSadik J. Al-Azm aIs islam secularizablebChallenging Political and Religious Taboos a1 aLahorebVanguard Booksc2014 a245p.bHb aGeneral Book asecular islam